[Event "Moscow RUS"]
[Site "?"]
[Date "1998.??.??"]
[Round "7"]
[White "Bitman Alexander R"]
[Black "Kulikov Aleksandr"]
[Result "0-1"]
[WhiteElo "2230"]
[BlackElo "2395"]
[PlyCount "128"]
[EventDate "1998.??.??"]
[Source "www.chesslib.no"]
[SourceDate "2004.05.04"]

1. e4 c6 2. d4 d5 3. Nc3 b5 4. a3 a6 5. Be2 e6 6. Nf3 Nf6 7. exd5 cxd5 8. Bf4 Nc6 9. O-O Be7 10. Re1 O-O 11. Bd3 b4 12. axb4 Nxb4 13. Bf1 a5 14. Nb5 Bd7 15. c3 Bxb5 16. Bxb5 Qb6 17. Ba4 Nc6 18. Nd2 Rfc8 19. Ra2 Ra7 20. h3 Rb7 21. g4 Ne8 22. Bc2 Bd6 23. Be3 Qc7 24. Bd3 Rcb8 25. Qc2 g6 26. Kg2 Ng7 27. f3 Bf4 28. Nf1 Bxe3 29. Rxe3 h5 30. Qe2 a4 31. Bb1 Na5 32. Qf2 Nc4 33. Re2 Qf4 34. Bd3 Qc7 35. Bxc4 Qxc4 36. Ra1 Qc6 37. Ne3 Rb3 38. Nd1 Ra8 39. Qh4 Qd6 40. Qg3 Qd8 41. Qe5 Qh4 42. Nf2 Qd8 43. Nd1 Qc8 44. Rc1 Qc4 45. Rcc2 Qa6 46. Kg3 Qc8 47. Qd6 Ra6 48. Qf4 Rc6 49. Re5 Qd8 50. Ree2 g5 51. Qe3 Qf6 52. Qe5 Qg6 53. Kg2 Ne8 54. Nf2 h4 55. f4 gxf4 56. Qxf4 Nf6 57. Kh2 Nh7 58. Nd1 Qg5 59. Qf3 Qg6 60. Qf4 Ng5 61. Rg2 f6 62. Rce2 Kg7 63. Rg1 Qd3 64. Qe3 Nf3+ 0-1

[Event "Moscow RUS"]
[Site "?"]
[Date "1998.??.??"]
[Round "9"]
[White "Demianjuk Alexander"]
[Black "Kulikov Aleksandr"]
[Result "1-0"]
[WhiteElo "2215"]
[BlackElo "2395"]
[PlyCount "117"]
[EventDate "1998.??.??"]
[Source "www.chesslib.no"]
[SourceDate "2004.05.04"]

1. e4 c6 2. d4 d5 3. Nc3 b5 4. a3 a6 5. Nf3 Bg4 6. Be2 e6 7. h3 Bxf3 8. Bxf3 Nf6 9. O-O Be7 10. Re1 O-O 11. Qd3 Nbd7 12. Bg5 Nb6 13. e5 Nfd7 14. Bxe7 Qxe7 15. Nd1 c5 16. c3 Rac8 17. Ne3 Nc4 18. Rab1 Rfd8 19. Bd1 Nf8 20. g3 Qg5 21. Kh2 Qg6 22. Qxg6 Nxg6 23. Nf1 cxd4 24. cxd4 Ne7 25. Be2 Rc7 26. Kg2 Rdc8 27. Red1 Nc6 28. Nh2 a5 29. Nf3 b4 30. Bxc4 dxc4 31. d5 exd5 32. Rxd5 Rb7 33. axb4 axb4 34. Rc5 Rb6 35. Rxc4 Re8 36. Rbc1 Ne7 37. Rc7 h6 38. Rd1 Ng6 39. Rdd7 Nxe5 40. Nxe5 Rxe5 41. Rxf7 Rg6 42. Rb7 Re4 43. Kf3 Rc4 44. Rf4 Rc2 45. Rb8+ Kh7 46. Rbxb4 Rd6 47. Kg2 Rd7 48. Rb8 Re2 49. b4 Rb2 50. h4 g6 51. Rb6 h5 52. Rff6 Rg7 53. b5 Rb3 54. Rb8 Rb2 55. b6 Re7 56. Kh3 Kg7 57. Rc6 Rxf2 58. Rc7 Rff7 59. Rbb7 1-0

[Event "Amsterdam m1"]
[Site "?"]
[Date "2005.07.17"]
[Round "2"]
[White "Bellin Robert"]
[Black "Hansen Kay"]
[Result "1-0"]
[WhiteElo "2399"]
[BlackElo "2205"]
[PlyCount "54"]
[EventDate "2005.??.??"]
[Source "www.chesslib.no"]
[SourceDate "2004.05.04"]

1. e4 c6 2. d4 d5 3. Nc3 b5 4. e5 e6 5. Be3 b4 6. Na4 Ba6 7. Bd3 Ne7 8. Nc5 Bxd3 9. Nb7 Qc7 10. Nd6+ Kd7 11. Qxd3 f5 12. g4 g6 13. Nf3 fxg4 14. Ng5 h6 15. Ndf7 Rg8 16. Nh7 Nf5 17. Nf6+ Kc8 18. Nxh6 Bxh6 19. Nxg8 Bxe3 20. fxe3 Qh7 21. Nf6 Qh3 22. O-O-O Qxe3+ 23. Qxe3 Nxe3 24. Rd3 Nf5 25. Rg1 Nd7 26. Rxg4 Nf8 27. Rh3 Kb7 1-0

[Event "Leba POL"]
[Site "?"]
[Date "2006.03.27"]
[Round "4.7"]
[White "Butkiewicz Lukasz"]
[Black "Krzesaj Robert"]
[Result "1/2-1/2"]
[WhiteElo "2217"]
[BlackElo "2387"]
[PlyCount "41"]
[EventDate "2006.??.??"]
[Source "www.chesslib.no"]
[SourceDate "2004.05.04"]

1. e4 c6 2. d4 d5 3. Nc3 b5 4. e5 a6 5. f4 h5 6. Nf3 Bg4 7. Bd3 e6 8. h3 Bxf3 9. Qxf3 g6 10. Be3 Nd7 11. O-O-O h4 12. Ne2 Be7 13. g4 hxg3 14. Nxg3 Bh4 15. Rdg1 Nh6 16. Ne2 Nf8 17. Bd2 Nf5 18. Bb4 Be7 19. Be1 Bh4 20. Bb4 Be7 21. Be1 1/2-1/2

[Event "CUB Ch"]
[Site "Cuba"]
[Date "1993.??.??"]
[Round "11"]
[White "Herrera, Irisberto"]
[Black "Medina, Miguel"]
[Result "1/2-1/2"]
[WhiteElo "2355"]
[BlackElo "2245"]
[PlyCount "123"]
[EventDate "1993.10.??"]
[Source "www.chesslib.no"]
[SourceDate "2004.05.04"]

1. e4 c6 2. d4 d5 3. Nc3 b5 4. a3 dxe4 5. Nxe4 Bf5 6. Ng3 Bg6 7. h4 h6 8. Nf3 Nd7 9. a4 b4 10. a5 e6 11. Bd3 Bxd3 12. Qxd3 Ngf6 13. Kf1 Bd6 14. Ne4 Nxe4 15. Qxe4 Rc8 16. Be3 Nf6 17. Qd3 O-O 18. Bg5 c5 19. dxc5 Bxc5 20. Qxd8 Rfxd8 21. Bxf6 gxf6 22. Ke2 Bd6 23. Ne1 Be5 24. Ra2 Rc4 25. Rh3 Re4+ 26. Re3 Rxh4 27. Nf3 Rc4 28. b3 Rc5 29. Nxe5 fxe5 30. Rd3 Rdd5 31. Rxd5 exd5 32. Kd3 Kg7 33. Ra4 Rb5 34. c4 bxc3 35. Kxc3 Rc5+ 36. Kd3 Kg6 37. Ra1 Kf5 38. b4 e4+ 39. Kd4 Rc4+ 40. Kxd5 Rxb4 41. Ra2 Kf4 42. a6 Rb5+ 43. Kd4 f5 44. Kc4 Rb6 45. Kd5 h5 46. g3+ Kf3 47. Ke5 Rb5+ 48. Kf6 e3 49. fxe3 Kxg3 50. Re2 Kf3 51. Rh2 Kxe3 52. Rxh5 Ke4 53. Rh7 f4 54. Re7+ Kd3 55. Rxa7 f3 56. Rd7+ Ke2 57. Re7+ Kf1 58. a7 Ra5 59. Kg7 f2 60. Kh8 Ra6 61. Kg8 Ra1 62. Kh8 1/2-1/2

[Event "Chigorin mem"]
[Site "St Petersburg"]
[Date "1999.11.07"]
[Round "6"]
[White "Karasev, Vladimir I"]
[Black "Bataev, Evgeny"]
[Result "0-1"]
[WhiteElo "2373"]
[BlackElo "2227"]
[PlyCount "80"]
[EventDate "1999.11.02"]
[Source "ChessBase"]
[SourceDate "2000.02.01"]

1. e4 c6 2. d4 d5 3. Nc3 b5 4. Bd3 dxe4 5. Bxe4 b4 6. Na4 Nf6 7. Bf3 Nd5 8. Ne2 Bf5 9. Ng3 Bg6 10. O-O e6 11. a3 bxa3 12. b3 Nd7 13. Bxa3 Bxa3 14. Rxa3 O-O 15. Qd2 Rc8 16. c4 N5b6 17. Nc3 Rc7 18. Rfa1 Qb8 19. Nge4 Rd8 20. Qf4 f6 21. h4 e5 22. dxe5 Nxe5 23. h5 Nxf3+ 24. Qxf3 Bxe4 25. Nxe4 h6 26. Nc5 Re7 27. Qxc6 Qe5 28. Nb7 Rdd7 29. Ra5 Qc3 30. Nc5 Re1+ 31. Rxe1 Qxe1+ 32. Kh2 Qe5+ 33. g3 Qxh5+ 34. Kg2 Rd1 35. Qe6+ Kh8 36. Qh3 Qe2 37. Qf5 Qe1 38. Qh5 Rc1 39. Rxa7 Qf1+ 40. Kf3 Qd1+ 0-1

[Event "CAN-ch"]
[Site "Ottawa"]
[Date "1984.??.??"]
[Round "3"]
[White "Hartman, Brian"]
[Black "Hawkes, Rob"]
[Result "0-1"]
[WhiteElo "2230"]
[BlackElo "2365"]
[PlyCount "82"]
[EventDate "1984.??.??"]
[Source "ChessBase"]

1. e4 c6 2. d4 d5 3. Nc3 b5 4. a3 dxe4 5. Nxe4 Nf6 6. Nxf6+ exf6 7. Bf4 Bd6 8. Bxd6 Qxd6 9. Nf3 O-O 10. Be2 Bg4 11. O-O Rd8 12. Re1 Nd7 13. h3 Bxf3 14. Bxf3 Nb6 15. Qd3 Rac8 16. Re2 g6 17. Rae1 Kg7 18. Re7 a5 19. Ra7 a4 20. Ree7 Nd7 21. Qe3 Kf8 22. Re4 f5 23. Rh4 Kg8 24. g4 f4 25. Qd3 Qb8 26. Ra6 Nc5 27. dxc5 Rxd3 28. cxd3 Qb7 29. Rb6 Qe7 30. g5 Qxg5+ 31. Rg4 Qxc5 32. Rb7 h5 33. Rg2 Re8 34. Be4 Rxe4 35. dxe4 f3 36. Rg3 Qc1+ 37. Kh2 Qd1 38. e5 Qe2 39. h4 Qxf2+ 40. Kh3 Qf1+ 41. Kh2 Qe2+ 0-1

[Event "Copenhagen Open"]
[Site "Copenhagen DEN"]
[Date "1985.??.??"]
[Round "3"]
[White "Iskov, Gert"]
[Black "Andreasen, Per"]
[Result "1-0"]
[WhiteElo "2325"]
[BlackElo "2260"]
[PlyCount "55"]
[EventDate "1985.06.??"]
[Source "www.chesslib.no"]
[SourceDate "2004.05.04"]

1. e4 c6 2. d4 d5 3. Nc3 b5 4. a3 a6 5. Nf3 Bg4 6. Be2 e6 7. O-O Nf6 8. h3 Bxf3 9. Bxf3 Be7 10. g4 O-O 11. e5 Nfd7 12. Bg2 c5 13. f4 cxd4 14. Ne2 Nc6 15. b3 Bc5 16. Kh1 Ba7 17. Bb2 Rc8 18. Rc1 Qb6 19. Qe1 d3 20. cxd3 Nc5 21. Qd1 b4 22. a4 a5 23. f5 d4 24. f6 Nxe5 25. Bxd4 Nexd3 26. Qd2 e5 27. Bxc5 Nxc5 28. Rxc5 1-0

[Event "It (Open) Sevilla ESP"]
[Site "?"]
[Date "2006.01.08"]
[Round "2.8"]
[White "Perez Candelario Manuel"]
[Black "Nederveld Dieter"]
[Result "1-0"]
[WhiteElo "2511"]
[BlackElo "2061"]
[PlyCount "87"]
[EventDate "2006.??.??"]
[Source "www.chesslib.no"]
[SourceDate "2004.05.04"]

1. e4 c6 2. d4 d5 3. Nc3 b5 4. a3 a6 5. Bd3 e6 6. Nf3 Nd7 7. O-O h6 8. Bf4 Bb7 9. Re1 Be7 10. Ne5 Nxe5 11. Bxe5 Nf6 12. exd5 cxd5 13. Re3 Bd6 14. Rg3 Kf8 15. Qe2 Ra7 16. Re1 Bc8 17. Qf3 Bxe5 18. dxe5 Ne8 19. Ne2 g5 20. Nd4 Rc7 21. a4 bxa4 22. Bxa6 Qe7 23. Bb5 Bd7 24. Bxd7 Qxd7 25. h4 gxh4 26. Rg4 Rc4 27. Rxh4 Qe7 28. Rf4 Rh7 29. Re3 Kg8 30. c3 Rg7 31. Rf6 Rg6 32. Rxg6+ fxg6 33. Qh3 Kh7 34. Nxe6 Rh4 35. Qg3 g5 36. Nd4 Qb7 37. Re2 a3 38. Qd3+ Kh8 39. bxa3 Qa7 40. Qg6 Ng7 41. g3 Rxd4 42. cxd4 Qxd4 43. Re1 Qc3 44. Qb1 1-0

[Event "AUT-ch"]
[Site "Vienna"]
[Date "1999.08.17"]
[Round "11"]
[White "Mahdi, Khaled"]
[Black "Hansen, Kay"]
[Result "1-0"]
[WhiteElo "2332"]
[BlackElo "2240"]
[PlyCount "75"]
[EventDate "1999.10.07"]
[Source "ChessBase"]
[SourceDate "2000.01.11"]

1. e4 c6 2. d4 d5 3. Nc3 b5 4. exd5 b4 5. Nce2 cxd5 6. Nf4 Nf6 7. Nf3 e6 8. Bb5+ Bd7 9. Bd3 Nc6 10. O-O Bd6 11. Re1 O-O 12. Ne2 Qc7 13. Ng3 Rae8 14. Bd2 h6 15. c3 Rb8 16. Rc1 bxc3 17. Bxc3 Bf4 18. Ra1 Ng4 19. Nh4 h5 20. Nxh5 Bxh2+ 21. Kf1 f5 22. Be2 Qd8 23. Bxg4 Qxh4 24. Bf3 f4 25. a4 g6 26. Qd3 Rf5 27. b4 Nxb4 28. Bxb4 Rxb4 29. Rab1 Rxb1 30. Rxb1 gxh5 31. Rb8+ Kg7 32. Rb7 Rf7 33. Rxa7 Qd8 34. Bxh5 Re7 35. Qg6+ Kh8 36. Qf6+ Kh7 37. Bg6+ Kg8 38. Bf7+ 1-0

[Event "Aarhus-B"]
[Site "Aarhus DEN"]
[Date "1986.??.??"]
[Round "1"]
[White "Ochsner, Thomas"]
[Black "Rewitz, Poul"]
[Result "1-0"]
[WhiteElo "2275"]
[BlackElo "2295"]
[PlyCount "83"]
[EventDate "1986.??.??"]
[Source "www.chesslib.no"]
[SourceDate "2004.05.04"]

1. e4 c6 2. d4 d5 3. Nc3 b5 4. a3 dxe4 5. Nxe4 Nf6 6. Nxf6+ exf6 7. a4 b4 8. g3 Qd5 9. Nf3 Bd6 10. Qe2+ Be7 11. Bf4 g5 12. Bxb8 Rxb8 13. Bg2 Qe6 14. Qe3 Ba6 15. O-O-O O-O 16. Rhe1 Qxe3+ 17. Rxe3 Bd8 18. Nd2 Bb6 19. Ne4 Rfd8 20. Nxf6+ Kg7 21. Nh5+ Kf8 22. c3 bxc3 23. bxc3 c5 24. d5 c4 25. Re2 Ba5 26. Nf6 h6 27. Ne4 Rb3 28. Rb2 Ra3 29. d6 Bxc3 30. Nc5 Bxb2+ 31. Kxb2 Rd3 32. Rxd3 cxd3 33. d7 Bc4 34. Bc6 Ke7 35. Kc3 Kd6 36. Nb7+ Kxc6 37. Nxd8+ Kxd7 38. Nb7 Ba6 39. Nc5+ Kc6 40. Nxa6 Kb6 41. Nb4 Ka5 42. Nxd3 1-0

[Event "SVK Team Ch 9596"]
[Site "Slovakia"]
[Date "1996.??.??"]
[Round "5"]
[White "Habinak, Tomas"]
[Black "Martiska, Peter"]
[Result "0-1"]
[WhiteElo "2250"]
[BlackElo "2315"]
[PlyCount "64"]
[EventDate "1995.??.??"]
[Source "www.chesslib.no"]
[SourceDate "2004.05.04"]

1. e4 c6 2. d4 d5 3. Nc3 b5 4. exd5 b4 5. Ne4 cxd5 6. Ng3 e6 7. Nf3 Nf6 8. Bf4 Be7 9. Bd3 O-O 10. Ng5 Ba6 11. O-O Qb6 12. Re1 Nc6 13. c3 Rac8 14. Re3 g6 15. Bc2 bxc3 16. bxc3 Na5 17. h4 Nc4 18. Rf3 Na3 19. Bb3 h5 20. Ne2 Qb5 21. Nc1 Ne4 22. Nxe4 dxe4 23. Rh3 Qf5 24. Be5 Rfd8 25. Ne2 Qg4 26. Nf4 Nc4 27. f3 exf3 28. Qxf3 Nxe5 29. dxe5 Rd2 30. Kh1 Qxf3 31. Rxf3 Rc5 32. Re1 Bxh4 0-1

[Event "Oberwart op"]
[Site "?"]
[Date "1996.??.??"]
[Round "4"]
[White "Medvegy Nora"]
[Black "Schwab Rene"]
[Result "1/2-1/2"]
[WhiteElo "2295"]
[BlackElo "2265"]
[PlyCount "51"]
[EventDate "1996.??.??"]
[Source "www.chesslib.no"]
[SourceDate "2004.05.04"]

1. e4 c6 2. d4 d5 3. Nc3 b5 4. a3 dxe4 5. Nxe4 Nd7 6. Bd3 Bb7 7. Qe2 e6 8. Nf3 Ngf6 9. Neg5 h6 10. Nxe6 fxe6 11. Nh4 Qc7 12. Ng6 Rg8 13. Bf4 Qa5+ 14. Bd2 Qc7 15. Bf4 Qa5+ 16. Bd2 Qc7 17. Nf4 O-O-O 18. Nxe6 Re8 19. Nxc7 Rxe2+ 20. Bxe2 Kxc7 21. O-O-O Bd6 22. h3 Ne4 23. Be3 Rf8 24. Rhf1 Nb6 25. Bd3 Nf6 26. Bd2 1/2-1/2

[Event "It (c)"]
[Site "?"]
[Date "2000.??.??"]
[Round "3"]
[White "Pogonina Natalija"]
[Black "Novichkov Vadim"]
[Result "0-1"]
[WhiteElo "2136"]
[BlackElo "2414"]
[PlyCount "116"]
[EventDate "2000.??.??"]
[Source "www.chesslib.no"]
[SourceDate "2004.05.04"]

1. e4 c6 2. d4 d5 3. Nc3 b5 4. a3 a6 5. Nf3 Bg4 6. Be2 e6 7. O-O Nf6 8. e5 Nfd7 9. Be3 c5 10. Re1 Nc6 11. dxc5 Bxc5 12. Bxc5 Nxc5 13. Nd4 Bxe2 14. Rxe2 Rc8 15. Re3 Qg5 16. Nxc6 Rxc6 17. Qd4 O-O 18. Rae1 Rfc8 19. f4 Qf5 20. R3e2 Nd7 21. Rf2 Rc4 22. Qd2 Nc5 23. Rf3 d4 24. Ne2 Qxc2 25. Qxc2 Rxc2 26. Nxd4 Rd2 27. Rc3 Rxd4 28. Rec1 Rxf4 29. Rxc5 Rxc5 30. Rxc5 g5 31. Rc6 Ra4 32. Kf2 Kg7 33. Ke3 h5 34. Kf3 Kg6 35. Rc7 Rf4+ 36. Ke3 Rf5 37. b4 Rxe5+ 38. Kf2 Rd5 39. Rc6 Rd2+ 40. Kf1 Ra2 41. Rxa6 Kf5 42. Ra5 e5 43. Rxb5 Rxa3 44. Rb7 f6 45. b5 Rb3 46. Rb8 g4 47. b6 Ke4 48. b7 Ke3 49. g3 Kf3 50. Ke1 e4 51. Rf8 Rb1+ 52. Kd2 e3+ 53. Kd3 Rb3+ 54. Kc4 Rxb7 55. Rxf6+ Ke2 56. Re6 Rd7 57. Kc3 Kf2 58. Rf6+ Ke1 0-1

[Event "Bad Woerishofen op 17th"]
[Site "?"]
[Date "2001.??.??"]
[Round "8"]
[White "Pflug Matthias"]
[Black "Schwalfenberg Joerg"]
[Result "1/2-1/2"]
[WhiteElo "2177"]
[BlackElo "2357"]
[PlyCount "119"]
[EventDate "2001.??.??"]
[Source "www.chesslib.no"]
[SourceDate "2004.05.04"]

1. e4 c6 2. d4 d5 3. Nc3 b5 4. e5 h5 5. Bd3 b4 6. Nce2 e6 7. Be3 Ne7 8. f4 Ba6 9. Nf3 Qb6 10. Bf2 Nd7 11. Nc1 Bxd3 12. Nxd3 Nf5 13. Qd2 Be7 14. g3 a5 15. h3 Qb5 16. O-O g6 17. Kh2 Nb6 18. b3 Nd7 19. Rac1 c5 20. dxc5 Nxc5 21. Nxc5 Bxc5 22. Bxc5 Qxc5 23. c3 Qb6 24. a3 bxc3 25. Rxc3 d4 26. Rd3 Rd8 27. b4 axb4 28. Rb1 Qc6 29. Rxb4 h4 30. gxh4 Qe4 31. Ng5 Qd5 32. Qg2 Qxg2+ 33. Kxg2 Nxh4+ 34. Kf2 Nf5 35. Ke2 O-O 36. Ne4 Kg7 37. Nd6 Nxd6 38. exd6 Rxd6 39. Rbxd4 Ra6 40. a4 Rfa8 41. Ra3 Ra5 42. Kd3 Rc5 43. Rc4 Rh5 44. Ke2 Kf6 45. Kf2 Rd5 46. Kg3 Raa5 47. Rf3 Kf5 48. Rb3 Kf6 49. Rb7 Rd3+ 50. Kg4 Rf5 51. Rb5 Kg7 52. Kh4 f6 53. Rxf5 exf5 54. a5 Kh6 55. Rc6 Rf3 56. Rxf6 Rxf4+ 57. Kg3 Ra4 58. a6 Kh5 59. Kg2 Ra5 60. Rb6 1/2-1/2

[Event "Madrid-ch"]
[Site "?"]
[Date "2003.03.21"]
[Round "10"]
[White "Paredes Sanchez Juan Antonio"]
[Black "Almagro Llanas Pablo"]
[Result "0-1"]
[WhiteElo "2182"]
[BlackElo "2345"]
[PlyCount "40"]
[EventDate "2003.??.??"]
[Source "www.chesslib.no"]
[SourceDate "2004.05.04"]

1. e4 c6 2. d4 d5 3. Nc3 b5 4. a3 dxe4 5. Nxe4 Nf6 6. Nxf6+ exf6 7. Be2 Be6 8. Bf4 Be7 9. Nf3 O-O 10. O-O Nd7 11. b3 Nb6 12. Qd2 a5 13. h4 Qd7 14. h5 Rfd8 15. Rfd1 b4 16. axb4 axb4 17. Rxa8 Rxa8 18. h6 g6 19. Nh2 Ra2 20. Bd3 Bxb3 0-1

[Event "Lisbon-chB"]
[Site "Lisbon POR"]
[Date "1992.??.??"]
[Round "3"]
[White "Cordovil, Joao"]
[Black "Ribeiro, Fernando"]
[Result "1-0"]
[WhiteElo "2300"]
[BlackElo "2220"]
[PlyCount "70"]
[EventDate "1992.??.??"]
[Source "www.chesslib.no"]
[SourceDate "2004.05.04"]

1. e4 c6 2. d4 d5 3. Nc3 b5 4. a3 a6 5. Nf3 Bg4 6. Be2 e6 7. O-O Nd7 8. h3 Bh5 9. Re1 Be7 10. Bf4 Bg6 11. Bd3 Ngf6 12. e5 Ng8 13. Ne2 c5 14. c3 c4 15. Bc2 Nb6 16. g4 a5 17. Bd2 Qc7 18. Ng3 O-O-O 19. b3 Bxc2 20. Qxc2 h5 21. Nxh5 g6 22. Nf4 a4 23. bxa4 bxa4 24. Kg2 Kd7 25. Reb1 Rb8 26. Rb5 Qc6 27. Rab1 Bd8 28. Ne2 Ne7 29. Bg5 Nec8 30. Rc5 Qa8 31. Nf4 Be7 32. Bxe7 Nxe7 33. Ng5 Rhf8 34. Rcb5 Qc6 35. Qb2 Kc7 1-0

[Event "XXX Open"]
[Site "?"]
[Date "2005.01.12"]
[Round "6"]
[White "Escobar Forero Alder"]
[Black "Nederveld Dieter"]
[Result "1-0"]
[WhiteElo "2407"]
[BlackElo "2103"]
[PlyCount "47"]
[EventDate "2005.??.??"]
[Source "www.chesslib.no"]
[SourceDate "2004.05.04"]

1. e4 c6 2. d4 d5 3. Nc3 b5 4. exd5 b4 5. Ne4 cxd5 6. Ng5 Nf6 7. Bd3 h6 8. N5f3 Nbd7 9. Ne5 e6 10. Ngf3 Nxe5 11. Nxe5 Bd6 12. O-O Bxe5 13. dxe5 Nd7 14. Qg4 g5 15. Re1 Qe7 16. a3 bxa3 17. b3 Qf8 18. Bxa3 Qg7 19. Qb4 f5 20. exf6 Qxf6 21. Qd6 Kf7 22. Bb2 Qxb2 23. Qxe6+ Kg7 24. Qg6+ 1-0

[Event "Budapest FS02 IM"]
[Site "Budapest"]
[Date "2002.02.07"]
[Round "6"]
[White "Bonnet, Edouard"]
[Black "Kostic, Filip"]
[Result "1-0"]
[WhiteElo "2197"]
[BlackElo "2280"]
[PlyCount "121"]
[EventDate "2002.02.02"]
[Source "ChessBase"]
[SourceDate "2002.03.14"]

1. e4 c6 2. d4 d5 3. Nc3 b5 4. a3 a6 5. Be2 g6 6. Be3 Bg7 7. h3 dxe4 8. Nxe4 Nd7 9. Nf3 Bb7 10. b4 Ngf6 11. Nxf6+ Nxf6 12. c4 O-O 13. O-O bxc4 14. Bxc4 a5 15. Ne5 Nd5 16. Qd2 Qd6 17. bxa5 Nxe3 18. Qxe3 Rxa5 19. Nxf7 Rxf7 20. Bxf7+ Kf8 21. Bc4 c5 22. dxc5 Qc6 23. Qf4+ Bf6 24. f3 Kg7 25. Rab1 Ra4 26. Kh1 Qxc5 27. Rxb7 Rxc4 28. Qd2 Rc2 29. Qd3 Rc3 30. Qe4 Re3 31. Qb4 Qg5 32. Qg4 Qd5 33. Rd7 Qb5 34. Rfd1 h5 35. Qf4 Re2 36. R7d2 Re5 37. a4 Qa5 38. Qc4 h4 39. f4 Re3 40. Rd5 Qb6 41. a5 Qe6 42. Qf1 Qe4 43. R5d3 Re2 44. R3d2 Re3 45. Rd3 Re2 46. a6 Ra2 47. R3d2 Ra3 48. Kh2 g5 49. Re1 Qb4 50. Rf2 Bd4 51. Rfe2 Bf6 52. fxg5 Bxg5 53. Qf5 Bf6 54. Re4 Qd6+ 55. Kh1 Rg3 56. Rg4+ Rxg4 57. Qxg4+ Kf8 58. a7 Qa6 59. Qd7 Kg7 60. Qc7 Bd4 61. Qxe7+ 1-0

[Event "Berlin GER"]
[Site "?"]
[Date "2004.04.13"]
[Round "5"]
[White "Lukaszewski Marcin"]
[Black "Hansen Kay"]
[Result "1/2-1/2"]
[WhiteElo "2229"]
[BlackElo "2242"]
[PlyCount "24"]
[EventDate "2004.??.??"]
[Source "www.chesslib.no"]
[SourceDate "2004.05.04"]

1. e4 c6 2. d4 d5 3. Nc3 b5 4. Bd3 b4 5. Nce2 e6 6. Nf3 Ba6 7. O-O Nf6 8. Bxa6 Nxa6 9. Qd3 Qb6 10. Ng3 c5 11. exd5 Nxd5 12. Re1 Be7 1/2-1/2

[Event "Budapest HUN"]
[Site "?"]
[Date "2006.02.05"]
[Round "1"]
[White "Moussard Jules"]
[Black "Boguszlavszkij Jevgenyij"]
[Result "1-0"]
[WhiteElo "2117"]
[BlackElo "2348"]
[PlyCount "85"]
[EventDate "2006.??.??"]
[Source "www.chesslib.no"]
[SourceDate "2004.05.04"]

1. e4 c6 2. d4 d5 3. Nc3 b5 4. a3 dxe4 5. Nxe4 Nf6 6. Ng3 e5 7. Qe2 Qxd4 8. Nf3 Qg4 9. Nxe5 Qxe2+ 10. Bxe2 Bd6 11. f4 O-O 12. Bf3 Re8 13. O-O Bb7 14. Nd3 Nbd7 15. Nf5 Bf8 16. Nd4 Ne4 17. Re1 Nec5 18. b4 Rxe1+ 19. Nxe1 Re8 20. Nd3 Ne4 21. Bb2 a6 22. Re1 c5 23. Nf5 g6 24. Ng3 f5 25. h3 Kf7 26. Nf1 cxb4 27. axb4 Bg7 28. Bxg7 Kxg7 29. g4 Rc8 30. Ne3 Kf6 31. Ra1 Re8 32. c4 bxc4 33. Nxc4 Nb8 34. Nde5 Rd8 35. Na5 Bc8 36. Rc1 Be6 37. Rc7 h6 38. Rh7 Nd7 39. Nac6 Rg8 40. Nxd7+ Bxd7 41. Rxd7 Rc8 42. Bxe4 fxe4 43. Rd6+ 1-0

[Event "HUN-chT2 0203 Charousek"]
[Site "?"]
[Date "2002.11.24"]
[Round "3"]
[White "Juracsik Jozsef"]
[Black "Boguszlavszkij Jevgenyij"]
[Result "0-1"]
[WhiteElo "2214"]
[BlackElo "2247"]
[PlyCount "120"]
[EventDate "2002.??.??"]
[Source "www.chesslib.no"]
[SourceDate "2004.05.04"]

1. e4 c6 2. d4 d5 3. Nc3 b5 4. exd5 b4 5. Na4 cxd5 6. a3 bxa3 7. b3 e6 8. Nf3 Nf6 9. Bd3 Bd6 10. O-O Qe7 11. Nc5 O-O 12. Bxa3 Nc6 13. Bb5 Nd8 14. Ne5 Ne4 15. b4 Nc3 16. Qd3 Nxb5 17. Qxb5 f6 18. Nf3 Qf7 19. Qe2 Qh5 20. Rfe1 Kh8 21. b5 Re8 22. Nd3 Bc7 23. h3 Nb7 24. Bb4 Qf7 25. Nc5 Nd6 26. Ba5 Bxa5 27. Rxa5 Nc4 28. Ra2 e5 29. Nd2 Nb6 30. c3 Bf5 31. Qf3 Qg6 32. Rea1 exd4 33. cxd4 Be4 34. Qg3 Qxg3 35. fxg3 Nc8 36. b6 Nxb6 37. Rxa7 f5 38. Rxa8 Nxa8 39. Kf2 Nc7 40. Ra5 Kg8 41. Ndb3 Rb8 42. Ra7 Ne8 43. Nxe4 fxe4 44. Nc5 Nd6 45. g4 Nc4 46. Ne6 g6 47. Rg7+ Kh8 48. Re7 h6 49. Nf4 Rb2+ 50. Kg1 Ne3 51. Nxg6+ Kg8 52. Nf4 Rd2 53. Ne6 Rxg2+ 54. Kh1 Rg3 55. Nf4 Rf3 56. Nh5 Rxh3+ 57. Kg1 Nxg4 58. Nf4 Rg3+ 59. Kh1 Nf6 60. Re6 Ng4 0-1

[Event "TCh-ESP Div"]
[Site "?"]
[Date "2001.??.??"]
[Round "?"]
[White "Garcia Caballero, L."]
[Black "Almagro Llanas, P."]
[Result "1-0"]
[WhiteElo "2190"]
[BlackElo "2270"]
[PlyCount "80"]
[EventDate "2001.??.??"]
[Source "www.chesslib.no"]
[SourceDate "2004.05.04"]

1. e4 c6 2. d4 d5 3. Nc3 b5 4. a3 dxe4 5. Nxe4 Nf6 6. Nxf6+ exf6 7. Nf3 Bd6 8. Be2 O-O 9. O-O Be6 10. b3 a5 11. c4 a4 12. d5 cxd5 13. cxb5 axb3 14. Qxb3 Nd7 15. Nd4 Nc5 16. Qd1 Qc7 17. g3 Ra4 18. Bb2 Rfa8 19. Qc1 Bh3 20. Rd1 Qe7 21. Bf3 Qb7 22. Qe3 Ne4 23. Rd3 f5 24. Bd1 Rc4 25. Bb3 Rcc8 26. a4 Re8 27. Qc1 Nc5 28. Rc3 Rac8 29. Nc6 Ne4 30. Rc2 f4 31. Bxd5 Qd7 32. Re2 fxg3 33. hxg3 Qg4 34. Qe3 Nf6 35. Bf3 Qg6 36. Qd2 Rxe2 37. Qxd6 Rce8 38. Bxe2 Qe4 39. Bf1 Be6 40. Bg2 Qc2 1-0

[Event "Voronezh RUS"]
[Site "?"]
[Date "2006.06.13"]
[Round "2"]
[White "Airapetian Tatevik"]
[Black "Bojarinov Victor A"]
[Result "0-1"]
[WhiteElo "2155"]
[BlackElo "2295"]
[PlyCount "86"]
[EventDate "2006.??.??"]
[Source "www.chesslib.no"]
[SourceDate "2004.05.04"]

1. e4 c6 2. d4 d5 3. Nc3 b5 4. a3 dxe4 5. Nxe4 Nf6 6. Nxf6+ exf6 7. Be3 Be6 8. a4 b4 9. a5 Bd6 10. Nf3 O-O 11. Be2 Bc7 12. a6 Nd7 13. c4 bxc3 14. bxc3 Nb6 15. O-O Bd5 16. Qc2 Qd6 17. g3 Qd7 18. c4 Nxc4 19. Bxc4 Bxf3 20. Rfc1 Bb6 21. Bd3 Qh3 22. Bf1 Qh5 23. Ra3 Rad8 24. Qa4 Bd5 25. Bg2 Qf5 26. Rac3 h5 27. Qb4 h4 28. Qb1 Qe6 29. Qd3 h3 30. Bf1 g5 31. Re1 Qg4 32. Be2 Bf3 33. Qd1 Bxe2 34. Qxe2 Qxe2 35. Rxe2 c5 36. Rd3 cxd4 37. Bc1 Rfe8 38. Kf1 Rxe2 39. Kxe2 Re8+ 40. Kf3 Re1 41. Bb2 f5 42. Rd2 Re4 43. g4 Rxg4 0-1